नर्मदे हर हर (Record no. 37682)
[ view plain ]
| 000 -LEADER | |
|---|---|
| fixed length control field | 00578nam a2200181Ia 4500 |
| 008 - FIXED-LENGTH DATA ELEMENTS--GENERAL INFORMATION | |
| fixed length control field | 090122s9999 xx 000 0 und d |
| 082 ## - DEWEY DECIMAL CLASSIFICATION NUMBER | |
| Item number | 13605 |
| Classification number | 910.09 |
| 100 ## - MAIN ENTRY--PERSONAL NAME | |
| Personal name | कुंटे |
| Numeration | जगन्नाथ |
| 245 ## - TITLE STATEMENT | |
| Title | नर्मदे हर हर |
| 260 ## - PUBLICATION, DISTRIBUTION, ETC. (IMPRINT) | |
| Name of publisher, distributor, etc | प्राजक्ता |
| Date of publication, distribution, etc | "4 थी, 2007" |
| 300 ## - PHYSICAL DESCRIPTION | |
| Extent | 156 |
| 501 ## - WITH NOTE | |
| With note | देणगी- श्री.खानवेलकर |
| 600 ## - SUBJECT ADDED ENTRY--PERSONAL NAME | |
| Personal name | कुंटे |
| 630 ## - SUBJECT ADDED ENTRY--UNIFORM TITLE | |
| Uniform title | नर्मदे हर हर |
| 700 ## - ADDED ENTRY--PERSONAL NAME | |
| Personal name | कुंटे |
| 730 ## - ADDED ENTRY--UNIFORM TITLE | |
| Uniform title | नर्मदे हर हर |
| 942 ## - ADDED ENTRY ELEMENTS (KOHA) | |
| Koha item type | Book |
| Withdrawn status | Lost status | Damaged status | Not for loan | Home library | Current library | Date acquired | Source of acquisition | Cost, normal purchase price | Total Checkouts | Full call number | Barcode | Date last seen | Copy number | Cost, replacement price | Price effective from | Koha item type |
|---|---|---|---|---|---|---|---|---|---|---|---|---|---|---|---|---|
| Dombivali Granthasangrahalaya, Dombivali | Dombivali Granthasangrahalaya, Dombivali | 01/22/2009 | देणगी- श्री.खानवेलकर | 220.00 | 13605 | DOM-13605 | 01/22/2009 | 1 | 220.00 | 01/22/2009 | Book |